02266cam a2200337 i 450000100090000000300090000900500170001800800410003502000180007604000440009408200230013810000280016124500450018926400550023426400100028930000440029933600260034333700280036933800270039750400510042450501200047552009660059565000430156165000320160465300270163665500170166390600450168094200120172599900170173795201740175421443665EG-ScBUE20230924093830.0200210t2020 maua f b 001 0 eng d a9780262043915 aLBSOR/DLCbengerdacDLCdDLCdEG-ScBUE04a794.81525222bZUB1 aZubek, Robert,eauthor.10aElements of game design /cRobert Zubek. 1aCambridge, Massachusetts :bThe MIT Press,c[2020] 4cc2020 axx, 230 pages :billustrations ;c24 cm atextbtxt2rdacontent aunmediatedbn2rdamedia avolumebnc2rdacarrier aIncludes bibliographical references and index.0 aElements -- Player experience -- Mechanics -- Systems -- Gameplay -- Macrostructure -- Prototyping and playtesting. a""Elements of Game Design" is an introductory text on game design. The goal is to teach students a structured process of design applicable to games and interactive experiences, and introduce the vocabulary and techniques of practicing game designers. The text draws on the author's experience as a professional game developer, as well as a teacher of an intro-level game development class. The book begins by introducing the user-centered design paradigm, and explain a games-specific process that splits the design problem into several conceptual stages. The bulk of the text explores those stages in detail, and teaches how to analyze and resolve them. Throughout the text we introduce the technical vocabulary and concepts used by designers in the industry, and illustrate the particular lessons with numerous real-life examples. The text ends with a review of the overall process and its application in the production of new games"--cProvided by publisher. 7aGamesxDesign and construction.2BUEsh 7aVideo gamesxDesign.2BUEsh cSeptember2023bART2GD vReading book a7bcbccorignewd1eecipf20gy-gencatlg 2ddccBB c30558d30529 00102ddc40708BaccahaMAINbMAINc2NDd2023-09-24ePurchaseg1586.00h37688l1m18o794.81525 ZUBp000056889r2025-07-15 00:00:00s2024-10-03v1982.50w2023-09-24yBB